LEADER 01054nam a2200241 i 4500 001 000000229500 003 CaOOAMICUS 005 20140512000000.0 008 140512s1968 fr u000 u fre u 013 $a208402 040 $aSeMil$bita 100 1 $aBlauw, Johannes.$0(OLS)http://semarc/name/79245 245 12$aL'apostolat de l'Église :$besquisse d'une théologie biblique de la mission /$cJohannes Blauw. 260 $aParis :$bDelachaux et Niestlé,$c1968. 300 $a220 p. ;$c18 cm. 490 0 $aFoi vivante ;$v69 650 4$aTeologia missionaria.$0(OLS)http://semarc/subject/5367 650 4$aApostolato missionario.$0(OLS)http://semarc/subject/34675 830 0$aFoi vivante ;$v69.$0(OLS)http://semarc/title/11652 850 $aSeMil 852 $aSeMil$W1$xVenegono$y1$m2Z I 176$j179846$B179846$CSeMilBibl$Z2$F190949 $81 996 $6245$aL'apostolat de l'Église :$besquisse d'une théologie biblique de la mission$9(OLS)http://semarc/title/328250 996 $6260$aParis :$bDelachaux et Niestlé$9(OLS)http://semarc/publisher/32644 LEADER 01146nam a2200265 i 4500 001 000000067838 003 CaOOAMICUS 005 20100610000000.0 008 100610s1956 it u000 u ita u 013 $a39010 040 $aSeMil$bita 100 1 $aMaritain, Jacques,$d<1882-1973>.$0(OLS)http://semarc/name/1393 240 10$aApproches de Dieu.$0(OLS)http://semarc/title/64692 245 10$aAlla ricerca di Dio /$cdi Jacques Maritain. 260 $aRoma :$bPaoline,$cstampa 1956. 300 $a102 p. ;$c19 cm. 490 0 $aPhilosophica. Saggi : raccolta di testi e saggi ;$v2 650 4$aDio - Conoscibilità naturale.$0(OLS)http://semarc/subject/6857 650 4$aDio.$0(OLS)http://semarc/subject/4429 650 4$aTommaso : d'Aquino - Dio - Esistenza - Prove.$0(OLS)http://semarc/subject/13011 830 0$aPhilosophica. Saggi ;$v2.$0(OLS)http://semarc/title/18366 850 $aSeMil 852 $aSeMil$W1$xVenegono$y1$m2O I 366$j33991$B33991$CSeMilBibl$Z2$F33994 $81 996 $6245$aAlla ricerca di Dio$9(OLS)http://semarc/title/6707 996 $6260$aRoma :$bPaoline$9(OLS)http://semarc/publisher/29686 LEADER 01739nam a2200337 i 4500 001 000000205681 003 CaOOAMICUS 005 20191028085003.0 008 110829s2011 gw u000 u ger u 013 $a184419 020 $a978-3-451-02245-6 040 $aSeMil$bita 245 14$aDie Filioque-Kontroverse :$bhistorische, ökumenische und dogmatische Perspektiven 1200 Jahre nach der Aachener Synode /$cherausgegeben von Michael Böhnke, Assaad Elias Kattan, Bernd Oberdorfer. 260 $aFreiburg ; Basel ; Wien :$bHerder,$c2011. 300 $a312 p. ;$c22 cm. 490 0 $aQuaestiones disputatae ;$v245 650 4$aFilioque - Controversia.$0(OLS)http://semarc/subject/48312 650 4$aEcumenismo.$0(OLS)http://semarc/subject/3071 650 4$aSpirito Santo - Storia delle dottrine.$0(OLS)http://semarc/subject/5143 650 4$aConcilio di Aquisgrana <809>.$0(OLS)http://semarc/subject/46649 700 1 $aBöhnke, Michael,$d<1955- >.$0(OLS)http://semarc/name/37228 700 1 $aOberdorfer, Bernd,$d<1961- >.$0(OLS)http://semarc/name/93872 700 1 $aKattan, Assaad Elias.$0(OLS)http://semarc/name/74015 830 0$aQuaestiones disputatae ;$v245.$0(OLS)http://semarc/title/436628 850 $aSeMil 852 $aSeMil$W1$xVenegono$y1$m2M I 597$j156175$B156175$CSeMilBibl$Z2$F167530 $81 961 $aSottoscrizione: Herder 996 $6020$a978-3-451-02245-6$9(OLS)http://semarc/number/199413 996 $6245$aDie Filioque-Kontroverse :$bhistorische, ökumenische und dogmatische Perspektiven 1200 Jahre nach der Aachener Synode$9(OLS)http://semarc/title/297639 996 $6260$aFreiburg ; Basel ; Wien :$bHerder$9(OLS)http://semarc/publisher/29643